[Event "Kingston op"]
[Site "Kingston"]
[Date "2015.02.06"]
[Round "3"]
[White "Yang, Jack"]
[Black "Paulsen, Lorenz"]
[Result "1-0"]
[WhiteElo "1746"]
[BlackElo "1506"]
[PlyCount "55"]
[EventDate "2015.02.06"]
[EventType "swiss"]
[EventRounds "5"]
[EventCountry "CAN"]
[SourceTitle "EXT 2019"]
[Source "ChessBase"]
[SourceDate "2018.10.10"]
[SourceVersion "1"]
[SourceVersionDate "2018.10.10"]
[SourceQuality "1"]

1. e4 c5 2. Nf3 d6 3. d4 cxd4 4. Nxd4 Nf6 5. Nc3 a6 6. Bc4 b5 7. Bb3 Bb7 8. f3 e6 9. 0-0 Be7 10. Be3 Qc7 11. a4 b4 12. Nce2 d5 13. exd5 Bxd5 14. Bxd5 Nxd5 15. Bd2 0-0 16. c3 Rd8 17. Qc2 Bd6 18. h3 Rc8 19. Rae1 Qb6 20. Kh1 e5 21. Nf5 Bc5 22. cxb4 Nxb4 23. Bxb4 Qxb4 24. Ne7+ Kf8 25. Nxc8 Nd7 26. Qxh7 f6 27. Qh8+ Kf7 28. Nd6+ 1-0

[Event "Kingston op"]
[Site "Kingston"]
[Date "2009.02.08"]
[Round "4"]
[White "Dixon, Frank"]
[Black "Paulsen, Lorenz"]
[Result "1-0"]
[WhiteElo "2048"]
[BlackElo "1550"]
[PlyCount "41"]
[EventDate "2009.02.07"]
[EventType "swiss"]
[EventRounds "5"]
[EventCountry "CAN"]
[SourceTitle "EXT 2011"]
[Source "ChessBase"]
[SourceDate "2010.11.26"]
[SourceVersion "1"]
[SourceVersionDate "2010.11.26"]
[SourceQuality "1"]

1. e4 c5 2. Nc3 Nc6 3. g3 e6 4. Bg2 Nf6 5. d3 d5 6. exd5 exd5 7. Bg5 Be7 8. Nge2 0-0 9. 0-0 d4 10. Bxf6 Bxf6 11. Ne4 Be5 12. Nxc5 Qb6 13. Nb3 Bg4 14. Qd2 Rfe8 15. Nf4 Rac8 16. Nd5 Qd8 17. Rae1 Qd7 18. Nc5 Qd6 19. Ne4 Qd7 20. Qg5 h6 21. Ndf6+ 1-0